| 000 | 00425nam a2200193Ia 4500 | ||
|---|---|---|---|
| 001 | 12756 | ||
| 003 | GE_BSU | ||
| 008 | 181216s||||||||xx |||||||||||||| ||und|| | ||
| 040 | _cGE_BSU | ||
| 080 | _a821.111-32 | ||
| 100 | _aRoche,Mazo de la | ||
| 245 | _aWakefield's Course:unabridged | ||
| 260 | _aLondon | ||
| 260 | _bPan books | ||
| 260 | _c1966 | ||
| 300 | _a330p.18cm. | ||
| 653 | _aWakefield's Course | ||
| 942 | _cBK | ||
| 999 |
_c45927 _d45927 |
||